|
|
|
|
| LEADER |
00000nam a22000007a 4500 |
| 008 |
190204b1988 cr ||||| |||| 00| 0 spa d |
| 999 |
|
|
|c 3620
|d 3620
|
| 090 |
|
|
|a Tesis # 18
|
| 100 |
|
|
|9 4422
|a Ulloa Corrales, Patricia
|
| 245 |
1 |
0 |
|a La importancia del esfuerzo y la inteligencia en la explicación del rendimiento académico de estudiantes hipotéticos de primaria y la actitud de las maestras hacia ellos de acuerdo con la teoria atribucional /
|c Patricia Ulloa Corrales, Vanessa Villanueva Schofield
|
| 260 |
|
|
|a [San Jos[e, Costa Rica] :
|c 1988
|
| 300 |
|
|
|a ix,83,25 hojas
|
| 502 |
|
|
|a Tesis (licenciatura en psicología) -- Universidad de Costa Rica. Facultad de Ciencias Sociales. Escuela de Psicología, 1988
|
| 650 |
1 |
4 |
|9 1095
|a RENDIMIENTO ACADÉMICO
|
| 700 |
|
|
|9 4423
|a Villanueva Schofield, Vanessa
|
| 942 |
|
|
|i 001323
|h Tesis # 18
|2 z
|c 02
|